| 000 | 01989nam a2200325 a 4500 | ||
|---|---|---|---|
| 001 | BRCA_5128 | ||
| 005 | 20190320204942.0 | ||
| 008 | 191110s1842----mx-######v---#000-0#spa-# | ||
| 041 | _aspa | ||
| 044 | _amx | ||
| 084 |
_aDOC102B _b.L67 _c1842 |
||
| 100 | 1 |
_aLópez de Santa Anna, Antonio _d1794-1876 _913089 |
|
| 245 | 1 | 0 |
_aDocumento firmado por el C. Antonio López de Santa Anna _cAntonio López de Santa Anna, Eduardo Goroztiza, José María Bocanegra. |
| 260 |
_aMéxico _c1842 |
||
| 300 |
_a[1] foja _c30 x 21 cm |
||
| 500 | _aDocumento firmado el 4 de enero de 1842 | ||
| 500 |
_aEl C. Antonio López de Santa Anna, Benemerito der la Patria, General de la División y Presidente provisional de la República Mexicana, otorga el nombramiento de Secretario de la Legación Mejicana en España a favor de Eduardo Goroztiza en atención a los meritos del mismo en las legaciones mexicanas de Prusia y España. Sueldo _3,000 conforme a la ley de 25 de mayo de 1841. Firmas de Santa Anna y José María Bocanegra |
||
| 500 | _aEl documento contiene la leyenda DOC. #265 | ||
| 500 | _aPapel con marca de agua | ||
| 500 | _aAl margen: ESCUDO NACIONAL MEXICANO ABULTADO Y ENCABEZADO CON SELLO NACIONAL (Águila Republicana) Y LEYENDA: SELLO PRIMERO SEIS PESOS PARA LOS AÑOS DE MIL OCHOCIENTOS CUARENTA Y DOS Y OCHOCIENTOS CUARENTA Y TRES. Sello de placa con Águila Republicana | ||
| 500 | _aEstado de conservación: Contiene acidificación | ||
| 506 | 0 | _aFondo reservado: para su consulta es necesario credencial de usuario y carta de motivos | |
| 546 | _aTexto en: español de mediados del siglo XIX | ||
| 600 | 1 | 4 |
_aLópez de Santa Anna, Antonio _d1794-1876 _913089 |
| 650 | 1 | 4 |
_aRelaciones internacionales _vImpreso con rúbricas _xHistoria _yFederalismo y centralismo, 1824-1853 _zMéxico _913090 |
| 700 | 1 |
_aGoroztiza y Cepeda, Manuel María del Pilar Eduardo _d1789-1851 _913091 |
|
| 700 | 1 |
_aBocanegra, José María _d1787-1862 _913092 |
|
| 902 | _aFDH | ||
| 942 |
_2lcc _cD |
||
| 999 |
_c4822 _d4822 |
||